[Event "15. Sombor open"]
[Site "Sombor"]
[Date "2023.03.22"]
[Round "3.7"]
[White "Grba, Ilija"]
[Black "Stojkovic, Andreja"]
[Result "0-1"]
[WhiteElo "1738"]
[BlackElo "1849"]
[Annotator "Robert"]
[PlyCount "48"]
[EventDate "2023.03.17"]

1. d4 f5 2. c4 Nf6 3. Nc3 g6 4. Nf3 Bg7 5. e3 O-O 6. Bd3 d6 7. e4 fxe4 8. Nxe4
Qe8 9. O-O Nc6 10. Be3 e5 11. dxe5 Nxe5 12. Nxf6+ Rxf6 13. Nxe5 Qxe5 14. Qc2
Rf8 15. Rab1 Bf5 16. Rfe1 Qf6 17. b4 b6 18. Bxf5 gxf5 19. g3 Kh8 20. Rbd1 Qg6
21. Qd3 Rae8 22. Bd4 Re4 23. Bxg7+ Qxg7 24. f3 Re5 {Necitko.} 0-1

[Event "15. Sombor open"]
[Site "Sombor"]
[Date "2023.03.22"]
[Round "3.8"]
[White "Popovic, Vojin"]
[Black "Pastrovic, Nenad"]
[Result "0-1"]
[WhiteElo "1666"]
[BlackElo "1822"]
[PlyCount "136"]
[EventDate "2023.03.17"]

1. e4 d6 2. d4 Nf6 3. Nc3 Nbd7 4. f4 e5 5. fxe5 dxe5 6. dxe5 Nxe5 7. Qxd8+ Kxd8
8. Bg5 c6 9. O-O-O+ Kc7 10. Nf3 Bd6 11. Be2 Nfg4 12. Rxd6 Kxd6 13. Rd1+ Kc7 14.
Bf4 f6 15. h3 g5 16. Bg3 Ne3 17. Rd3 N3c4 18. b3 Nd6 19. Nxe5 fxe5 20. Bxe5 Rd8
21. Nd1 Be6 22. Ne3 Rd7 23. Bg4 Re8 24. c4 Bxg4 25. Nxg4 h5 26. c5 hxg4 27.
Bxd6+ Kc8 28. e5 Rxe5 29. Rg3 Re1+ 30. Kd2 Ra1 31. Rxg4 b6 32. Ke3 bxc5 33.
Bxc5 Rd5 34. Bxa7 Rxa2 35. Bd4 Ra3 36. Bf6 Rxb3+ 37. Ke4 Rb4+ 38. Ke3 Rxg4 39.
hxg4 Kd7 40. Ke4 Kd6 41. g3 Kc5 42. Bc3 Kc4 43. Be5 Rxe5+ 44. Kxe5 c5 45. Kf5
Kb4 46. Kxg5 c4 47. Kf6 c3 48. g5 c2 49. g6 c1=Q 50. g7 Qc6+ 51. Kf7 Qd7+ 52.
Kg6 Qe6+ 53. Kh7 Qh3+ 54. Kg6 Qxg3+ 55. Kf7 Qc7+ 56. Kf6 Qd6+ 57. Kf7 Qd5+ 58.
Kf8 Qf5+ 59. Ke7 Qg6 60. Kf8 Qf6+ 61. Kg8 Kc5 62. Kh7 Qf7 63. Kh8 Qh5+ 64. Kg8
Kd6 65. Kf8 Qf5+ 66. Ke8 Qf6 67. g8=N Qg7 68. Nf6 Qe7# 0-1

[Event "15. Sombor open"]
[Site "Sombor"]
[Date "2023.03.22"]
[Round "3.9"]
[White "Mandaric, Petar"]
[Black "Djurosev, Djordje"]
[Result "1-0"]
[WhiteElo "1799"]
[BlackElo "1493"]
[PlyCount "31"]
[EventDate "2023.03.17"]

1. e4 c6 2. d4 d5 3. e5 Bf5 4. g4 h6 5. gxf5 e6 6. fxe6 fxe6 7. Qh5+ Kd7 8. Bh3
Qe7 9. Bd2 Na6 10. Na3 Re8 11. c3 c5 12. Ne2 cxd4 13. Nxd4 Nc5 14. b4 Nd3+ 15.
Ke2 Nb2 16. Nxe6 1-0

[Event "15. Sombor open"]
[Site "Sombor"]
[Date "2023.03.22"]
[Round "3.10"]
[White "Milin, Milos"]
[Black "Babac, Zoran"]
[Result "0-1"]
[WhiteElo "1600"]
[BlackElo "1644"]
[PlyCount "46"]
[EventDate "2023.03.17"]

1. e4 g6 2. d4 Bg7 3. f4 d5 4. e5 Bf5 5. Bd3 Qd7 6. Ne2 h5 7. Nbc3 Nh6 8. h3
Nc6 9. a3 a6 10. Be3 h4 11. g4 hxg3 12. Nxg3 Bxh3 13. Nxd5 Bg4 14. Qd2 Qxd5 15.
Be4 Qd7 16. d5 Nxe5 17. fxe5 Bxe5 18. Bf4 Qd6 19. Rxh6 Bxf4 20. Rxh8+ Kd7 21.
Rxa8 Bxd2+ 22. Kxd2 Qxg3 23. Re1 Qf2+ 0-1

[Event "15. Sombor open"]
[Site "Sombor"]
[Date "2023.03.22"]
[Round "3.11"]
[White "Kelic, Dusan"]
[Black "Vujnovic, Igor"]
[Result "0-1"]
[WhiteElo "1532"]
[BlackElo "1604"]
[Annotator "Robert"]
[PlyCount "32"]
[EventDate "2023.03.17"]

1. e4 d5 2. exd5 Nf6 3. c4 e6 4. Nc3 exd5 5. d4 Nc6 6. c5 a6 7. Bg5 Be6 8. Nf3
h6 9. Bh4 g5 10. Bg3 Ne4 11. Bd3 Nxg3 12. fxg3 Bg7 13. Be2 Qd7 14. O-O g4 15.
Ne5 Nxe5 {Necitko.} 16. dxe5 Bxe5 0-1

[Event "15. Sombor open"]
[Site "Sombor"]
[Date "2023.03.24"]
[Round "4.2"]
[White "Vlahovic, Ljubo"]
[Black "Kurcubic, Drago"]
[Result "0-1"]
[WhiteElo "2039"]
[BlackElo "2094"]
[PlyCount "52"]
[EventDate "2023.03.17"]

1. e4 c6 2. d4 d5 3. Nc3 dxe4 4. Nxe4 Nd7 5. Nf3 Ndf6 6. Nxf6+ Nxf6 7. Bc4 e6
8. O-O Qc7 9. Re1 Bd6 10. Bd3 b6 11. Bg5 Bb7 12. c4 h6 13. Bd2 Kf8 14. b4 c5
15. dxc5 bxc5 16. bxc5 Bxc5 17. h3 Rd8 18. Bc2 Bxf3 19. Qxf3 Rxd2 20. Re2 Rxe2
21. Qxe2 Ke7 22. Ba4 Rd8 23. Rb1 Qf4 24. Rb2 Ne4 25. Qf3 Qc1+ 26. Kh2 Bd6+ 0-1

[Event "15. Sombor open"]
[Site "Sombor"]
[Date "2023.03.24"]
[Round "4.3"]
[White "Skrobonja, Sinisa"]
[Black "Pastrovic, Nenad"]
[Result "0-1"]
[WhiteElo "1957"]
[BlackElo "1822"]
[PlyCount "86"]
[EventDate "2023.03.17"]

1. g3 g6 2. Bg2 Bg7 3. d4 d5 4. Nf3 Nf6 5. Nc3 Bf5 6. Bf4 O-O 7. Nh4 Be6 8. Qd2
c6 9. Bh6 Nbd7 10. Bxg7 Kxg7 11. Nf3 Bf5 12. Ne5 Nxe5 13. dxe5 Ng4 14. f3 Nxe5
15. Qd4 f6 16. g4 Be6 17. b3 Qb6 18. Qd2 Bf7 19. h4 Rh8 20. h5 Kf8 21. Qh6+ Ke8
22. Qd2 gxh5 23. gxh5 Rg8 24. Na4 Qc7 25. Bf1 Nxf3+ 26. exf3 Qe5+ 27. Kf2 Qxa1
28. Nc3 Qb2 29. Bd3 Rh8 30. h6 Qa3 31. Qe3 Qd6 32. Ne2 Qe5 33. Qd2 d4 34. Ke1
a5 35. Kd1 Qe3 36. Qe1 Bg6 37. Bxg6+ hxg6 38. Qg3 Rxh6 39. Rxh6 Qxh6 40. Nf4
Kf7 41. Qg4 Qg5 42. Qe6+ Kf8 43. Qe4 Qg1+ 0-1

[Event "15. Sombor open"]
[Site "Sombor"]
[Date "2023.03.24"]
[Round "4.4"]
[White "Dombrovski, Mihajlo"]
[Black "Matkovic, Simana"]
[Result "1-0"]
[WhiteElo "1774"]
[BlackElo "1907"]
[PlyCount "109"]
[EventDate "2023.03.17"]

1. e4 c5 2. c4 d6 3. Nc3 Nc6 4. g3 g6 5. Bg2 Bg7 6. Nge2 e6 7. O-O Nge7 8. d3
Qd7 9. Rb1 b6 10. Be3 Bb7 11. a3 Rd8 12. b4 O-O 13. Qd2 Ne5 14. h3 f5 15. f4
N5c6 16. d4 cxd4 17. Nxd4 Nxd4 18. Bxd4 Nc6 19. Bxg7 Kxg7 20. Qb2 Kg8 21. Rbd1
Qg7 22. Rf2 Rd7 23. Nb5 Qxb2 24. Rxb2 Rfd8 25. exf5 gxf5 26. Rbd2 d5 27. cxd5
exd5 28. Rxd5 Rxd5 29. Rxd5 a6 30. Rxd8+ Nxd8 31. Nd6 Bxg2 32. Kxg2 Kg7 33.
Nxf5+ Kf6 34. Nd4 Nb7 35. Kf3 Nd6 36. g4 Nc4 37. Nc2 Nd6 38. h4 h6 39. g5+ hxg5
40. hxg5+ Kg6 41. Ne3 a5 42. Kg4 a4 43. f5+ Kg7 44. Kf4 b5 45. Ke5 Nf7+ 46. Kd5
Nxg5 47. Kc5 Ne4+ 48. Kxb5 Nc3+ 49. Ka5 Kf7 50. b5 Ke7 51. Kb4 Ne4 52. Kxa4 Nf6
53. Ka5 Kd7 54. Ka6 Kc7 55. Ka7 1-0

[Event "15. Sombor open"]
[Site "Sombor"]
[Date "2023.03.24"]
[Round "4.5"]
[White "Stojkovic, Andreja"]
[Black "Mandaric, Petar"]
[Result "0-1"]
[WhiteElo "1849"]
[BlackElo "1799"]
[PlyCount "108"]
[EventDate "2023.03.17"]

1. e4 e5 2. Nf3 d6 3. d4 exd4 4. Qxd4 Nc6 5. Bb5 Bd7 6. Qd3 h6 7. O-O g5 8. Nc3
Bg7 9. Bxc6 Bxc6 10. Nd4 Bd7 11. Nf5 Bf8 12. Re1 f6 13. Be3 Ne7 14. Nxe7 Bxe7
15. Rad1 c6 16. Bd4 Bg4 17. Ne2 Qd7 18. f3 Be6 19. Ng3 Kf7 20. Nf5 b6 21. Bc3
Rad8 22. Kh1 h5 23. Nd4 Rhg8 24. Nf5 Rge8 25. Nh6+ Kg6 26. Nf5 Bxf5 27. exf5+
Qxf5 28. Re6 Qxd3 29. Rxd3 Kf7 30. Rde3 d5 31. Re1 d4 32. Bd2 c5 33. f4 gxf4
34. Bxf4 Bf8 35. Rxe8 Rxe8 36. Rxe8 Kxe8 37. g3 Kd7 38. Kg2 Ke6 39. Bb8 a6 40.
Bf4 Kd5 41. Kh3 b5 42. Kh4 c4 43. Kxh5 Bd6 44. Bc1 d3 45. c3 b4 46. Kg4 bxc3
47. bxc3 Ke4 48. h4 f5+ 49. Kg5 Bxg3 50. h5 Be5 51. Bd2 f4 52. h6 f3 53. Be1
Ke3 54. Kf5 Bh8 0-1

[Event "15. Sombor open"]
[Site "Sombor"]
[Date "2023.03.24"]
[Round "4.6"]
[White "Gajcin, Sinisa"]
[Black "Vujnovic, Igor"]
[Result "1-0"]
[WhiteElo "1661"]
[BlackElo "1604"]
[Annotator "Robert"]
[PlyCount "73"]
[EventDate "2023.03.17"]

1. e4 d5 2. exd5 Nf6 3. Bb5+ Nbd7 4. Nc3 a6 5. Be2 Nb6 6. Nf3 Nbxd5 7. Nxd5
Qxd5 8. d4 Bg4 9. O-O e6 10. c4 Qd6 11. Qb3 Rb8 12. c5 Qd8 13. Bg5 Be7 14. Bxf6
Bxf6 15. h3 Bf5 16. Rad1 c6 17. Ne5 O-O 18. Bf3 Be7 19. Rfe1 Re8 20. g4 Bg6 21.
Bg2 Bh4 22. Rf1 Qc7 23. f4 Bf6 24. Nc4 {Necitko.} Rf8 25. Ne5 Rfe8 26. Qg3 Rbd8
27. h4 Bxe5 28. dxe5 Rxd1 29. Rxd1 h6 30. b4 a5 31. a3 axb4 32. axb4 Ra8 33.
Rd6 Ra1+ 34. Kh2 Qb8 35. h5 Bc2 36. Qh4 Kh7 37. Qf2 1-0

[Event "15. Sombor open"]
[Site "Sombor"]
[Date "2023.03.24"]
[Round "4.7"]
[White "Lalic, Miroslav"]
[Black "Stojanovic, Mihajlo J"]
[Result "1-0"]
[WhiteElo "1921"]
[BlackElo "1394"]
[PlyCount "109"]
[EventDate "2023.03.17"]

1. e4 c5 2. Bc4 d6 3. Nf3 Nf6 4. d3 g6 5. Ng5 e6 6. Nc3 Bg7 7. Qf3 O-O 8. O-O
Nc6 9. a3 Nd4 10. Qd1 d5 11. Ba2 b6 12. exd5 exd5 13. h3 Re8 14. Nf3 Bf5 15.
Nxd4 cxd4 16. Ne2 Rc8 17. Bg5 h6 18. Bh4 g5 19. Bg3 Nh7 20. Qd2 Nf8 21. Rfe1
Qd7 22. Kh2 Qc6 23. Rac1 Ng6 24. Bb3 a5 25. a4 Nf8 26. Ng1 Ne6 27. Nf3 Nc5 28.
Be5 Bxe5+ 29. Nxe5 Qd6 30. f4 Ne6 31. g3 f6 32. Nf3 gxf4 33. g4 Bg6 34. Qf2 h5
35. Rg1 Kh7 36. gxh5 Bf5 37. Nh4 Ng5 38. Nxf5 Qe6 39. Qxf4 Qe2+ 40. Kh1 Re3 41.
Nxe3 dxe3 42. Rce1 Qxh5 43. Qf5+ Kh8 44. Qxc8+ Kg7 45. Qd7+ Kh6 46. Qg4 Qe8 47.
h4 Ne6 48. Rxe3 d4 49. Rxe6 Qa8+ 50. Qe4 Qxe4+ 51. dxe4 d3 52. cxd3 b5 53.
Rxf6+ Kh7 54. Bg8+ Kh8 55. Rh6# 1-0

[Event "15. Sombor open"]
[Site "Sombor"]
[Date "2023.03.24"]
[Round "4.8"]
[White "Babac, Zoran"]
[Black "Glamuzina, Jurica"]
[Result "0-1"]
[WhiteElo "1644"]
[BlackElo "1950"]
[PlyCount "136"]
[EventDate "2023.03.17"]

1. b3 d5 2. Bb2 Nf6 3. e3 Bf5 4. Nf3 h6 5. Be2 e6 6. O-O Nbd7 7. d3 Bd6 8. Nbd2
O-O 9. Nh4 Bh7 10. f4 c6 11. Qe1 Qb6 12. Qf2 Bc5 13. d4 Bb4 14. c3 Be7 15. f5
Qc7 16. g4 Bd6 17. Qg2 Rfe8 18. Rf3 exf5 19. Nxf5 Bxf5 20. gxf5 Re7 21. Bd3
Rae8 22. Nf1 h5 23. Re1 Ne4 24. Bxe4 Rxe4 25. h3 Nf6 26. Ng3 Rf4 27. Ref1 Rxf3
28. Rxf3 h4 29. Nf1 Qe7 30. Bc1 Qe4 31. Bd2 Qb1 32. e4 Nxe4 33. f6 Ng3 34. Rf2
gxf6 35. Rxf6 Re2 36. Rf2 Rxf2 37. Qxf2 Qxf1+ 38. Qxf1 Nxf1 39. Kxf1 Kh7 40.
Be1 Be7 41. Kf2 Kg6 42. Kf3 Kf5 43. c4 b5 44. c5 Bf6 45. Bf2 Bg5 46. Be1 Kg6
47. Bc3 Kf5 48. Be1 Kg6 49. Bc3 Kh5 50. a4 bxa4 51. bxa4 Bc1 52. Ba1 Bd2 53.
Bb2 f5 54. Ke2 Bg5 55. Bc3 Kg6 56. Kf3 Kf6 57. a5 a6 58. Be1 Kg6 59. Ke2 Kh5
60. Bc3 Bc1 61. Kd1 Be3 62. Ke2 f4 63. Kd3 Bg1 64. Ke2 Kg5 65. Kd3 f3 66. Bd2+
Kf5 67. Bc3 Kf4 68. Bd2+ Be3 0-1

[Event "15. Sombor open"]
[Site "Sombor"]
[Date "2023.03.24"]
[Round "4.11"]
[White "Djurosev, Djordje"]
[Black "Milin, Milos"]
[Result "0-1"]
[WhiteElo "1493"]
[BlackElo "1600"]
[PlyCount "112"]
[EventDate "2023.03.17"]

1. e4 c5 2. c3 Nf6 3. e5 Nd5 4. d4 cxd4 5. cxd4 d6 6. exd6 exd6 7. Nf3 Nc6 8.
Bc4 Nb6 9. Bb5 Bd7 10. O-O Be7 11. Re1 O-O 12. Nc3 Bg4 13. h3 Bh5 14. Be2 Bf6
15. Be3 Re8 16. a3 Qd7 17. Rc1 Ne7 18. Ne4 Nbd5 19. Nxf6+ Nxf6 20. Ng5 Bg6 21.
Bd3 Ned5 22. Bxg6 fxg6 23. Qb3 h6 24. Nf3 Kh7 25. Rc2 Rac8 26. Rec1 Rxc2 27.
Qxc2 Nxe3 28. fxe3 Rxe3 29. Nh4 Qe8 30. Nf3 Re2 31. Qb3 Qe3+ 32. Qxe3 Rxe3 33.
Rc7 Rb3 34. Rc2 Nd5 35. Kf2 Nf4 36. Ne1 Nd3+ 37. Nxd3 Rxd3 38. Ke2 Rb3 39. Kd2
g5 40. Kc1 Kg6 41. Rc7 Kf6 42. Rd7 Rb6 43. d5 a5 44. g4 g6 45. Rd8 Rb3 46.
Rxd6+ Ke5 47. Rxg6 Rxh3 48. d6 Rd3 49. Rxh6 Rxd6 50. Rxd6 Kxd6 51. Kd2 Ke5 52.
Ke3 a4 53. Kf3 Kd4 54. Ke2 Ke4 55. Kd2 Kf4 56. Kc2 Kxg4 0-1

[Event "15. Sombor open"]
[Site "Sombor"]
[Date "2023.03.24"]
[Round "4.13"]
[White "Kokai, Lea"]
[Black "Kelic, Dusan"]
[Result "1/2-1/2"]
[WhiteElo "1269"]
[BlackElo "1532"]
[PlyCount "50"]
[EventDate "2023.03.17"]

1. e4 e5 2. Nf3 Nc6 3. Bc4 Bc5 4. c3 a6 5. d4 exd4 6. cxd4 Bb4+ 7. Nc3 d6 8.
Ng5 Nh6 9. Qh5 O-O 10. Be3 Bxc3+ 11. bxc3 Qf6 12. O-O Be6 13. d5 Bg4 14. Qh4
Ne5 15. f3 Nxc4 16. fxg4 Qxc3 17. Bc1 Qxa1 18. Nh3 Qd4+ 19. Kh1 Ne3 20. Bxe3
Qxe3 21. g5 Qe2 22. Re1 Qg4 23. Qf2 Qh5 24. gxh6 Qxh6 25. Qc2 Rac8 1/2-1/2

[Event "15. Sombor open"]
[Site "Sombor"]
[Date "2023.03.27"]
[Round "5.1"]
[White "Pavkov, Nebojsa"]
[Black "Kurcubic, Drago"]
[Result "0-1"]
[WhiteElo "2229"]
[BlackElo "2094"]
[Annotator "Robert"]
[PlyCount "70"]
[EventDate "2023.03.17"]

1. b3 d5 2. Bb2 Nf6 3. e3 c6 4. f4 Bf5 5. Nf3 Nbd7 6. Be2 e6 7. O-O Bd6 8. Nc3
h6 9. h3 Qe7 10. d4 g5 11. Ne5 gxf4 12. exf4 O-O-O 13. Bd3 Ne4 14. Bxe4 dxe4
15. Qe1 Rhg8 16. Kh2 Nf6 17. Ne2 Rg7 18. g4 Bxg4 19. Nxg4 Nxg4+ 20. hxg4 Rxg4
21. Rg1 Rh4+ 22. Kg2 Bxf4 23. Bc1 Rg8+ 24. Kf1 Rxg1+ 25. Nxg1 Bxc1 26. Rxc1
Qf6+ 27. Ke2 Qf4 28. Kd1 Rh1 29. c3 Qg4+ 30. Kc2 Rh2+ 31. Kb1 Qg2 32. Ne2 Qxe2
33. Qxe2 Rxe2 34. Rh1 f5 35. Rxh6 f4 0-1

[Event "15. Sombor open"]
[Site "Sombor"]
[Date "2023.03.27"]
[Round "5.2"]
[White "Mandaric, Petar"]
[Black "Ledjenac, Milorad"]
[Result "0-1"]
[WhiteElo "1799"]
[BlackElo "2150"]
[PlyCount "78"]
[EventDate "2023.03.17"]

1. e4 c5 2. Nf3 Nc6 3. d4 cxd4 4. Nxd4 Nf6 5. Nc3 d6 6. Bg5 e6 7. Qd2 Be7 8.
O-O-O O-O 9. Kb1 a6 10. f3 Qc7 11. h4 Rd8 12. g4 Nxd4 13. Qxd4 b5 14. Be3 b4
15. Ne2 Rb8 16. h5 d5 17. Bf4 Qa5 18. e5 Nd7 19. g5 Nb6 20. Bc1 Nc4 21. Qd3
Nxe5 22. Qb3 Bd7 23. Nd4 Nc4 24. Bxc4 dxc4 25. Qxc4 Rbc8 26. Qe2 Bxg5 27. Bxg5
Qxg5 28. Rdg1 Qf6 29. Qe4 Rc4 30. Qh4 Qxh4 31. Rxh4 e5 32. Nf5 Rxh4 33. Nxh4
Bh3 34. Kc1 f6 35. Rg3 Be6 36. Rg2 Rd4 37. Rh2 Rf4 38. Kd2 Bf7 39. Ke3 Bxh5 0-1

[Event "15. Sombor open"]
[Site "Sombor"]
[Date "2023.03.27"]
[Round "5.3"]
[White "Pastrovic, Nenad"]
[Black "Gajcin, Sinisa"]
[Result "1-0"]
[WhiteElo "1822"]
[BlackElo "1661"]
[PlyCount "135"]
[EventDate "2023.03.17"]

1. e4 c5 2. Nf3 g6 3. d4 cxd4 4. Nxd4 Nc6 5. Nc3 Bg7 6. Be3 Nf6 7. h3 O-O 8.
Qd2 d5 9. exd5 Nxd5 10. Nxc6 bxc6 11. Bh6 Bxh6 12. Qxh6 Nxc3 13. bxc3 Qa5 14.
Qe3 Bf5 15. Bc4 Bxc2 16. O-O Rae8 17. Rac1 Ba4 18. Rb1 Bb5 19. Qc5 a6 20. Bb3
Rd8 21. c4 Qc3 22. Rbc1 Qf6 23. cxb5 cxb5 24. Qc3 Rd6 25. Qc7 Rfd8 26. Rfd1
Rxd1+ 27. Rxd1 Rxd1+ 28. Bxd1 Qa1 29. Qd8+ Kg7 30. Qd2 b4 31. Kh2 Qe5+ 32. g3
a5 33. Bb3 e6 34. Qe3 Qb5 35. Qd4+ Kg8 36. Bc4 Qc6 37. Bd3 Qa4 38. Qc4 Qa3 39.
Qb3 Qc1 40. Kg2 Qc6+ 41. Kg1 Qc1+ 42. Bf1 h5 43. Qc4 Qa3 44. Qb3 Qc1 45. Qa4
Qc7 46. Qb5 Kg7 47. f4 Kg8 48. h4 Qc3 49. Qd3 Qb2 50. Qd8+ Kg7 51. Qxa5 b3 52.
axb3 Qxb3 53. Qe5+ Kg8 54. Kf2 Qc2+ 55. Be2 Qa2 56. Qd4 Qa5 57. Qe5 Qb6+ 58.
Kg2 Qc6+ 59. Bf3 Qc1 60. Qe2 Kg7 61. Bxh5 gxh5 62. Qxh5 Qd2+ 63. Kh3 Qc1 64.
Qg5+ Kf8 65. Qd8+ Kg7 66. Qd4+ Kf8 67. Kg4 Qc8 68. Qh8+ 1-0

[Event "15. Sombor open"]
[Site "Sombor"]
[Date "2023.03.27"]
[Round "5.4"]
[White "Dombrovski, Mihajlo"]
[Black "Knezevic, Janko"]
[Result "1-0"]
[WhiteElo "1774"]
[BlackElo "1823"]
[PlyCount "95"]
[EventDate "2023.03.17"]

1. g3 d5 2. Bg2 Nf6 3. d3 e5 4. Nf3 Nc6 5. O-O Be7 6. c3 Bf5 7. Nbd2 Qd7 8. Qc2
Bh3 9. b4 Bxg2 10. Kxg2 Bd6 11. b5 Ne7 12. c4 b6 13. Bb2 Ng6 14. e3 h5 15. h4
Qg4 16. cxd5 Nxd5 17. Qc6+ Ke7 18. Qxd5 f6 19. Qe4 f5 20. Qxg4 hxg4 21. Ng5 Kf6
22. f4 Rh5 23. fxe5+ Nxe5 24. Nde4+ Kg6 25. Nxd6 cxd6 26. Bxe5 dxe5 27. Rac1
Rf8 28. e4 f4 29. Rc6+ Rf6 30. gxf4 Rxh4 31. Rxf6+ gxf6 32. Ne6 Rh3 33. f5+ Kf7
34. Rh1 Rxd3 35. Rh7+ Ke8 36. Rxa7 Re3 37. Rb7 Rxe4 38. Rxb6 Re2+ 39. Kg3 Rxa2
40. Kxg4 Ra4+ 41. Kh5 e4 42. Nc5 Rb4 43. Re6+ Kf7 44. Nxe4 Rb1 45. Rxf6+ Ke7
46. Re6+ Kf8 47. Kg6 Rxb5 48. Nf6 1-0

[Event "15. Sombor open"]
[Site "Sombor"]
[Date "2023.03.27"]
[Round "5.5"]
[White "Lalic, Miroslav"]
[Black "Vlahovic, Ljubo"]
[Result "0-1"]
[WhiteElo "1921"]
[BlackElo "2039"]
[PlyCount "134"]
[EventDate "2023.03.17"]

1. e4 c5 2. Bc4 d6 3. Nc3 Nf6 4. h3 g6 5. Nf3 Bg7 6. d3 Nc6 7. a3 O-O 8. O-O a6
9. Nd5 e6 10. Nxf6+ Bxf6 11. c3 d5 12. Ba2 d4 13. Qc2 b6 14. Bh6 Re8 15. Rad1
b5 16. Rfe1 Qc7 17. Qc1 Bb7 18. Bf4 Qd7 19. Bg3 Rac8 20. Qh6 Bg7 21. Qh4 Qd8
22. c4 Ne5 23. Nxe5 Qxh4 24. Bxh4 Bxe5 25. Bg5 Bc6 26. Bd2 Bd6 27. e5 Be7 28.
Rc1 Rb8 29. Rc2 bxc4 30. Bxc4 Ba4 31. Rcc1 Rxb2 32. Ba5 Bg5 33. Rb1 Reb8 34.
Rxb2 Rxb2 35. Bxa6 Rb3 36. Ra1 Bf4 37. Bc7 f6 38. Bc4 Rb7 39. Bxe6+ Kh8 40. Bd6
Bxe5 41. Bxc5 Rc7 42. Bb4 Bb5 43. Rd1 Bxd3 44. f4 Bc2 45. Rf1 Bd6 46. Bxd6 Rc6
47. Bb4 Rxe6 48. Re1 Be4 49. Kf2 f5 50. a4 Rc6 51. a5 Rc4 52. Bd6 Ra4 53. g4
Kg8 54. gxf5 gxf5 55. Bc7 Kf7 56. Re2 Ke6 57. Rb2 Kd7 58. Bb6 Kc6 59. h4 h5 60.
Ke2 Kd5 61. Bd8 Kc4 62. Kd2 Ra3 63. Bc7 Rd3+ 64. Ke2 Rh3 65. Rb6 d3+ 66. Kd2
Rh2+ 67. Kd1 Bf3+ 0-1

[Event "15. Sombor open"]
[Site "Sombor"]
[Date "2023.03.27"]
[Round "5.6"]
[White "Grba, Ilija"]
[Black "Skrobonja, Sinisa"]
[Result "0-1"]
[WhiteElo "1738"]
[BlackElo "1957"]
[PlyCount "54"]
[EventDate "2023.03.17"]

1. d4 g6 2. c4 Bg7 3. Nc3 Nf6 4. Nf3 d6 5. h3 Nc6 6. e3 O-O 7. Be2 Bf5 8. Nh4
e5 9. Nxf5 gxf5 10. dxe5 dxe5 11. Qc2 e4 12. g4 Nb4 13. Qb3 Nd3+ 14. Kf1 Nd7
15. gxf5 N7c5 16. Qd1 Qh4 17. Bxd3 Nxd3 18. Qe2 Rad8 19. Rh2 Ne5 20. Nd5 Nf3
21. Rh1 c6 22. Nf4 Be5 23. Ng2 Qh5 24. Ne1 Qxf5 25. Nxf3 exf3 26. Qe1 Qd3+ 27.
Kg1 Kh8 0-1

[Event "15. Sombor open"]
[Site "Sombor"]
[Date "2023.03.27"]
[Round "5.7"]
[White "Glamuzina, Jurica"]
[Black "Stojkovic, Andreja"]
[Result "0-1"]
[WhiteElo "1950"]
[BlackElo "1849"]
[PlyCount "58"]
[EventDate "2023.03.17"]

1. e4 Nc6 2. d4 d5 3. e5 Bf5 4. c3 e6 5. Ne2 f6 6. Bf4 Qd7 7. Ng3 Bg6 8. Nd2
fxe5 9. dxe5 Bc5 10. Nb3 Bb6 11. Bb5 Nge7 12. Qd2 a6 13. Ba4 Ba7 14. Be3 b5 15.
Bxa7 bxa4 16. Nc5 Qc8 17. Nxe6 Qxe6 18. Bc5 Qxe5+ 19. Kf1 O-O 20. Re1 Qf6 21.
h4 h6 22. Re3 Rad8 23. Qe1 Rfe8 24. h5 Bf7 25. Rf3 Nf5 26. Qd2 Nxg3+ 27. fxg3
Qe5 28. Be3 d4 29. Bf4 dxc3 0-1

[Event "15. Sombor open"]
[Site "Sombor"]
[Date "2023.03.27"]
[Round "5.8"]
[White "Matkovic, Simana"]
[Black "Milin, Milos"]
[Result "1-0"]
[WhiteElo "1907"]
[BlackElo "1600"]
[PlyCount "65"]
[EventDate "2023.03.17"]

1. d4 d5 2. Bf4 e6 3. e3 Bd6 4. Bxd6 Qxd6 5. Qg4 g6 6. Nd2 Nd7 7. Ngf3 Ngf6 8.
Qg3 Qxg3 9. hxg3 a5 10. Rh4 c6 11. g4 b6 12. g5 Ng8 13. Bd3 Ba6 14. Bxa6 Rxa6
15. O-O-O h5 16. Rdh1 Ne7 17. g4 b5 18. gxh5 Nf5 19. R4h2 Rg8 20. Nh4 e5 21.
Nxf5 gxf5 22. f4 exd4 23. exd4 c5 24. Re2+ Kd8 25. Nf3 f6 26. g6 Nf8 27. Nh4
Ne6 28. Nxf5 Nxf4 29. Rf2 Nxg6 30. hxg6 Rxg6 31. Re2 Rc6 32. Ne7 Rc7 33. Nxg6
1-0

[Event "15. Sombor open"]
[Site "Sombor"]
[Date "2023.03.27"]
[Round "5.9"]
[White "Popovic, Vojin"]
[Black "Stojanovic, Mihajlo J"]
[Result "1-0"]
[WhiteElo "1666"]
[BlackElo "1394"]
[PlyCount "81"]
[EventDate "2023.03.17"]

1. e4 c5 2. Nf3 d6 3. d4 cxd4 4. Nxd4 Nf6 5. Nc3 g6 6. Be3 Bg7 7. Bc4 O-O 8. h3
Nc6 9. Bb3 Na5 10. O-O b6 11. Qd3 Bb7 12. Bd5 Rc8 13. Bxb7 Nxb7 14. f3 Nc5 15.
Qd2 Nh5 16. Bh6 Ng3 17. Rfe1 a6 18. Bxg7 Kxg7 19. Qg5 e5 20. Qxg3 exd4 21. Nd5
d3 22. c3 Na4 23. Qf2 b5 24. Qd4+ f6 25. Rab1 Nc5 26. b4 Na4 27. Qxd3 f5 28.
exf5 Rxf5 29. Qd4+ Kg8 30. Ne7+ Kf7 31. Nxf5 gxf5 32. Qd5+ Kg7 33. Rbc1 Qf6 34.
Qb7+ Kg6 35. Qxc8 Nb6 36. Qg8+ Kh6 37. Re6 Qxe6 38. Qxe6+ Kh5 39. Qxf5+ Kh6 40.
Qf6+ Kh5 41. g4# 1-0

[Event "15. Sombor open"]
[Site "Sombor"]
[Date "2023.03.27"]
[Round "5.11"]
[White "Vujnovic, Igor"]
[Black "Stojakovic, Dusan"]
[Result "1/2-1/2"]
[WhiteElo "1604"]
[BlackElo "1557"]
[PlyCount "34"]
[EventDate "2023.03.17"]

1. e4 c5 2. d4 cxd4 3. c3 Nf6 4. e5 Nd5 5. Bc4 Nb6 6. Bb3 g6 7. Nf3 Bg7 8. O-O
O-O 9. cxd4 d6 10. exd6 Qxd6 11. h3 Nc6 12. Be3 Rd8 13. Nc3 Na5 14. Ne2 a6 15.
Re1 Nxb3 16. axb3 Be6 17. Ra3 Rac8 1/2-1/2

[Event "15. Sombor open"]
[Site "Sombor"]
[Date "2023.03.27"]
[Round "5.12"]
[White "Kelic, Dusan"]
[Black "Radisic, Andjelija"]
[Result "1/2-1/2"]
[WhiteElo "1532"]
[BlackElo "1103"]
[PlyCount "51"]
[EventDate "2023.03.17"]

1. e4 d5 2. e5 c5 3. c3 Bf5 4. Bb5+ Bd7 5. Qe2 a6 6. Bxd7+ Qxd7 7. d4 e6 8. Nf3
Nc6 9. Be3 cxd4 10. cxd4 Bb4+ 11. Bd2 Bxd2+ 12. Qxd2 Nge7 13. Nh4 h6 14. Nc3
O-O 15. Na4 Qc7 16. Rc1 Qa5 17. Qxa5 Nxa5 18. Nb6 Rad8 19. O-O Nc8 20. Nxc8
Rxc8 21. b3 Nc6 22. Nf3 Nb4 23. a3 Rxc1 24. Rxc1 Nc6 25. b4 Rb8 26. Kf1 1/2-1/2

[Event "15. Sombor open"]
[Site "Sombor"]
[Date "2023.03.29"]
[Round "6.1"]
[White "Kurcubic, Drago"]
[Black "Ledjenac, Milorad"]
[Result "1/2-1/2"]
[WhiteElo "2094"]
[BlackElo "2150"]
[Annotator "Robert"]
[PlyCount "132"]
[EventDate "2023.03.17"]

1. e4 c5 2. c3 d5 3. exd5 Qxd5 4. d4 Nf6 5. Nf3 Bg4 6. Be2 e6 7. O-O Nc6 8. Be3
cxd4 9. cxd4 Be7 10. Nc3 Qd6 11. Qd2 O-O 12. Rad1 Nb4 13. Bf4 Qd8 14. Rfe1 Nbd5
15. Be5 Rc8 16. a3 Nxc3 17. bxc3 Ne4 18. Qf4 Bf5 19. d5 f6 20. Bd4 g5 21. Qe3
exd5 22. c4 Bd6 23. cxd5 Re8 24. Bb5 Re7 25. Qb3 Qa5 26. Bd3 Qxa3 27. Qxa3 Bxa3
28. Ra1 Bb4 29. Reb1 a5 30. Bxf6 Rf7 31. Nxg5 Rxf6 32. Nxe4 Bxe4 33. Bxe4 b6
34. g3 Rc4 35. f3 Rd4 36. Rc1 Bc5 37. Rxc5 bxc5 38. Rxa5 c4 39. Ra8+ Kg7 40.
Rc8 Rf7 41. g4 Ra7 42. Kg2 Ra3 43. Rc7+ Kf6 44. h4 c3 45. Kg3 Ke5 46. Re7+ Kd6
47. Re6+ Kc5 48. Rc6+ Kb4 49. Kf4 Rc4 50. Ke5 Ra8 51. Bxh7 Rxc6 52. dxc6 Kc5
53. h5 Re8+ 54. Kf4 Kxc6 55. Kg5 Re7 56. Bc2 Re2 57. Bg6 Kd6 58. h6 Rh2 59. h7
Ke7 60. f4 Kf8 61. Kf6 Rh6 62. g5 Rh4 63. Bf5 Rh5 64. Bc2 Rh2 65. Bf5 Rh5 66.
Be4 Rh4 1/2-1/2

[Event "15. Sombor open"]
[Site "Sombor"]
[Date "2023.03.29"]
[Round "6.2"]
[White "Pastrovic, Nenad"]
[Black "Dombrovski, Mihajlo"]
[Result "1/2-1/2"]
[WhiteElo "1822"]
[BlackElo "1774"]
[PlyCount "62"]
[EventDate "2023.03.17"]

1. e4 Nf6 2. e5 Nd5 3. d4 d6 4. Nf3 g6 5. c4 Nb6 6. Bf4 Bg7 7. Nc3 O-O 8. Be2
Nc6 9. O-O Bg4 10. exd6 cxd6 11. Be3 Bxf3 12. gxf3 d5 13. c5 Nc8 14. Qb3 e6 15.
Rad1 Qh4 16. Qxb7 N8e7 17. Qc7 Rac8 18. Qg3 Qxg3+ 19. hxg3 Nf5 20. Nb5 Rb8 21.
g4 Nh4 22. Nc3 Rxb2 23. Kh2 Rc2 24. Rc1 Rxc1 25. Rxc1 Nxd4 26. Kg3 Nhxf3 27.
Bxf3 Nxf3 28. Kxf3 d4 29. Bxd4 Bxd4 30. Nb5 Be5 31. Nxa7 Ra8 1/2-1/2